|
|
|
|
| LEADER |
01001nam a22002772a 4500 |
| 001 |
001369929 |
| 003 |
CZ BrMZK |
| 005 |
20140422083501.0 |
| 007 |
ta |
| 008 |
140225s1964 xr er|||||||||||cze d |
| 015 |
|
|
|a cnb000479682
|
| 035 |
|
|
|a (OCoLC)42088423
|
| 040 |
|
|
|a ABA001
|b cze
|c BOA001
|d ABA001
|d BOA001
|
| 080 |
9 |
|
|a 37-3:372.83(075.2)
|
| 245 |
0 |
0 |
|a Metodická příručka pro učitele občanské výchovy v odborných učilištích a učňovských školách :
|b 2. a 3. ročník /
|c zpracoval Zdeněk Brunclík ... [et al.]
|
| 250 |
|
|
|a Vyd. 2.
|
| 260 |
|
|
|a Praha :
|b Státní pedagogické nakladatelství,
|c 1964
|
| 300 |
|
|
|a 126 s. ;
|c 8°
|
| 490 |
1 |
|
|a Pomocné knihy pro učitele
|
| 500 |
|
|
|a 500 výt.
|
| 700 |
1 |
|
|a Brunclík, Zdeněk,
|d 1926-2012
|7 jo2006333707
|4 aut
|
| 830 |
|
0 |
|a Pomocné knihy pro učitele
|0 s
|
| 910 |
|
|
|a BOA001
|b 2-0496.695-64
|
| 990 |
|
|
|a BK
|
| 991 |
|
|
|b 201402
|
| 996 |
6 |
|
|b 2619052281
|c 2-0496.695-64
|l MZK
|r Sklad / do 24 hodin
|n 0
|w 001404924
|u 000010
|a 1
|e BOA001
|j MZK50
|s P
|